000
00344 a2200169 4500
001
161456
020
_a
85-16-03926-9
040
_c
Magnum
100
_a
Paes, Jose Paulo
240
1
0
_a
É isso ali
_l
por
245
1
0
_a
É isso ali
300
_a
40
362
0
_a
2005
440
1
_a
Salamandra
697
_a
LITERATURA INFANTO
942
_c
BK
999
_c
161456
_d
161456